Effect of viscosity ratio, rubber composition, and peroxide/coagent treatment in PP/EPR blends (Record no. 58231)
[ view plain ]
| 000 -LEADER | |
|---|---|
| fixed length control field | 01659nam a2200181Ia 4500 |
| 100 ## - MAIN ENTRY--AUTHOR NAME | |
| Personal name | Kim B K |
| 245 #0 - TITLE STATEMENT | |
| Title | Effect of viscosity ratio, rubber composition, and peroxide/coagent treatment in PP/EPR blends |
| 260 ## - PUBLICATION, DISTRIBUTION, ETC. (IMPRINT) | |
| Name of publisher | Journal of Applied Polymer Science |
| Year of publication | 1996 |
| 300 ## - PHYSICAL DESCRIPTION | |
| Number of Pages | 439-447 |
| 520 ## - SUMMARY, ETC. | |
| Summary, etc | Effect of viscosity ratio (nEPR/nPP), propylene (C3) content of (ethylene-propylene copolymer (EPR), and peroxide/coagent treatment on polypropylene (PP)/EPR (80/20 by weight) melt blends were studied in terms of morphological, rheological, thermal, and mechanical properties. As the viscosity ratio increases from approximately 0.8 to 1.2, domain size increased 9submicron-1.5nm), and the degree of supercooling (T) for crystallization increased (37.4-47.8 C) due to the decreased crystallization temperature (T cc, 122.2-110.8 C). This resulted in larger spherulite size and increased hardness, modulus, and yield strength. With high C3 EPR, total crystallinity (Hf) of PP decreased, together with the mechanical properties, except the impact strength. With peroxide/coagent treatment, the spherulite size significantly decreased. The notched Izod impact strength decreased with increasing viscosity ratio, but significantly increased with high C3 EPR and with peroxide/coagent treatments. The results were interpreted in terms of domain size and shape, chemical affinity between PP and EPR, copolymer formation, and main chain scission of PP. |
| 650 ## - SUBJECT ADDED ENTRY--TOPICAL TERM | |
| Topical Term | Coagent treatment |
| 650 ## - SUBJECT ADDED ENTRY--TOPICAL TERM | |
| Topical Term | PP/EPR blends |
| 650 ## - SUBJECT ADDED ENTRY--TOPICAL TERM | |
| Topical Term | Rubber composition |
| 650 ## - SUBJECT ADDED ENTRY--TOPICAL TERM | |
| Topical Term | Viscosity ratio |
| 700 ## - ADDED ENTRY--PERSONAL NAME | |
| Personal name | Do I H |
| 942 ## - ADDED ENTRY ELEMENTS (KOHA) | |
| Koha item type | Journals |
| Withdrawn status | Lost status | Damaged status | Not for loan | Home library | Current library | Shelving location | Date acquired | Serial Enumeration / chronology | Koha item type |
|---|---|---|---|---|---|---|---|---|---|
| Journals | RRII Library | RRII Library | Rubber chemistry | 17/12/2021 | Volume 61, Issue 3 | Journals |